Ảnh hưởng và tác động từ bên ngoài đối với Việt Nam trong việc phát động quần chúng giảm tô và cải cách ruộng đất /
Đã lưu trong:
| Príomhúdar: | |
|---|---|
| Údair Eile: | |
| Formáid: | Bài viết |
| Teanga: | Vietnamese |
| Ábhair: | |
| Clibeanna: |
Cuir Clib Leis
Gan Chlibeanna, Bí ar an gcéad duine leis an taifead seo a chlibeáil!
|
| Thư viện lưu trữ: | Thư viện Trường Đại học Đà Lạt |
|---|
| LEADER | 00922nam a2200277 4500 | ||
|---|---|---|---|
| 001 | DLU180184729 | ||
| 005 | ##20180508 | ||
| 040 | # | # | |a DLU |b vie |
| 041 | # | # | |a vie |
| 044 | # | # | |a vn |
| 100 | # | # | |a Đinh Quang Hải. |
| 245 | # | # | |a Ảnh hưởng và tác động từ bên ngoài đối với Việt Nam trong việc phát động quần chúng giảm tô và cải cách ruộng đất / |c Đinh Quang Hải, Lê Đình Trọng. |
| 653 | # | # | |a Cải cách ruộng đất |
| 653 | # | # | |a Nông dân |
| 653 | # | # | |a Nông nghiệp |
| 653 | # | # | |a Thuế |
| 700 | # | # | |a Lê Đình Trọng. |
| 773 | # | # | |t Nghiên cứu lịch sử |g Số 4(480), 2016, tr. 3-12 |
| 920 | # | # | |a Phòng Tạp chí -- Trung tâm Thông tin - Thư viện Trường Đại học Đà Lạt |
| 900 | # | # | |a True |
| 911 | # | # | |a Nguyễn Thị Thu Phương |
| 925 | # | # | |a G |
| 926 | # | # | |a A |
| 927 | # | # | |a BB |
| 980 | # | # | |a Thư viện Trường Đại học Đà Lạt |